000 00288nam a22001337a 4500
008 171201b xxu||||| |||| 00| 0 eng d
020 _a9780916690472
041 _aeng
080 _a37
100 _a46
101 _aEDU
245 _aTHE OPPORTUNITY GAP
_cDESHANO, C
942 _2udc
_cBK
999 _c38666
_d38666